Basic Worksheet: Heath Mathematics (Record no. 91)

MARC details
000 -LEADER
fixed length control field 00303nam a22001097a 4500
008 - FIXED-LENGTH DATA ELEMENTS--GENERAL INFORMATION
fixed length control field 160620b xxu||||| |||| 00| 0 eng d
100 ## - MAIN ENTRY--PERSONAL NAME
9 (RLIN) 117
Personal name Rucker, W. E
245 ## - TITLE STATEMENT
Title Basic Worksheet: Heath Mathematics
260 ## - PUBLICATION, DISTRIBUTION, ETC. (IMPRINT)
Name of publisher, distributor, etc. D.C. Heath & Comp.
Date of publication, distribution, etc. 1987
300 ## - PHYSICAL DESCRIPTION
Extent Basic Worksheet: Heath Mathematics
942 ## - ADDED ENTRY ELEMENTS (KOHA)
Source of classification or shelving scheme Dewey Decimal Classification
Koha item type BOOK
Holdings
Withdrawn status Lost status Source of classification or shelving scheme Damaged status Not for loan Home library Current library Shelving location Date acquired Total Checkouts Full call number Barcode Date last seen Price effective from Koha item type
    Dewey Decimal Classification     Good Samaritan School Library Good Samaritan School Library   06/20/2016   510 OCK203 06/20/2016 06/20/2016 BOOK

Powered by Koha